Política para amador

Guardat en:
Dades bibliogràfiques
Autor principal: Savater, Fernando (Autor)
Format: Llibre
Idioma:espanyol
Publicat: Buenos Aires Ariel 1993
Edició:1a. ed
Matèries:
Etiquetes: Afegir etiqueta
Sense etiquetes, Sigues el primer a etiquetar aquest registre!

MARC

LEADER 00000cam a2200000 a 4500
001 UCZ9893
003 CL-VaPUC
005 20250313110307.0
008 960312e19930000AG |||||||||||||||||spa|d
999 |c 244941  |d 244939 
020 |a 9509122033 
040 |c Pontificia Universidad Católica de Valparaíso 
082 0 4 |a 170  |b SAV  |2 21 
100 0 |a Savater, Fernando  |e author  |9 354841 
245 1 0 |a Política para amador 
250 |a 1a. ed 
260 |a Buenos Aires  |b Ariel  |c 1993 
300 |a 237 p 
583 |a last modification  |c 20130321 05:52:16  |k Rodrigo Vera 
650 0 |a Etica política   |9 255799 
650 0 |a Filosofía política  |9 295215 
650 0 |a Ciencias políticas  |9 886863 
942 |c BK  |2 ddc 
945 |d 19960312 00:00:00  |a aalvarez 
952 |0 0  |1 0  |4 0  |6 170_000000000000000_SAV_1993  |7 0  |8 A  |9 259228  |a BIBTEO  |b BIBTEO  |d 2019-11-19  |i 3176711  |o 170 SAV 1993  |p 3176711  |r 2025-01-17  |w 2019-11-19  |y BK  |k ICR 
952 |0 0  |1 0  |4 0  |6 170_000000000000000_SAV_1993  |7 0  |8 R  |9 259229  |a BIBGIM  |b BIBGIM  |d 2019-11-19  |i 4956397  |o 170 SAV 1993  |p 4956397  |r 2025-01-15  |w 2019-11-19  |y BK_R  |k GIM